Представление документа в формате RUSMARC

ПолеНазваниеЗначение
  Тип записи a
  Библиографический уровень m
001 Контрольный номер admiBOOK00016592
005 Дата корректировки 20140508173825.9
010 Индекс ISBN __
a ISBN 978-5-271-16939-7
d Цена 120.00
100 Данные общей обработки __
a Данные общей обработки 19020202 |||y0 y0189 ca
101 Язык документа __
a Язык текста rus
105 Кодированные данные (монография) __
a Кодированные данные (монография) zy
200 Заглавие и сведения об ответственности 0_
a Заглавие Любимая или Любовница. Хождение по мукам
210 Выходные данные __
a Место издания М
c Издательство Астрель: АСТ
d Дата издания 2007
215 Физическое описание __
a Объем 347 [5] с.
606 Тематические рубрики __
a Основная рубрика Психология
x Основная подрубрика Психология личности
610 Ключевые слова __
a Ключевые слова Женская психология
a Ключевые слова Психология личности
a Ключевые слова Личность
a Ключевые слова Психология поведения
675 Индекс УДК __
a Индекс УДК 159.9
686 Индексы других классификаций __
a Классификационный индекс 88.37
700 Автор _1
a Фамилия Толстая
b Имя Н.
852 Данные о местонахождении __
c Местонахождение стеллажа 88
j Шифр хранения 88
852 Данные о местонахождении __
b Сигла хранения ЧЗ_2
t Номер экземпляра 1
i Авторский знак Т52
p Инвентарный номер 142345
901 Тип документа __
t Тип документа m
911 __
u 952a=Учебная
u 952p=1810
938 Служебная информация __
a Название организации Саранский филиал
b Имя БД OUTPUT.MRC_Саранск
c Название АИБС АИБС Библиотека